000
00325nam a2200121Ia 4500
008
230627s9999 xx 000 0 und d
041
_a
mar
082
_a
344.01
_b
MIS
100
_a
Misra, S.N.
245
_a
Introduction To Labour And Industrial Laws
250
_a
21ed.
260
_a
Allahabad
_b
Central Law Publications
_c
2005
999
_c
688167
_d
688167